000 00287nam a2200109Ia 4500
008 190216s9999||||xx |||||||||||||| ||und||
100 _aProf.Ramanathan G
245 0 _aMalayalam-General-Vidyabyasavum Deshiyogranthanvum
260 _bVidyarthimithram
650 _aMalayalam
942 _cBK
999 _c26272
_d26272